header

A beginner's guide to the deep culture experience (Record no. 233480)

MARC details
000 -LEADER
fixed length control field 01254nam a2200313 a 4500
082 04 - DEWEY DECIMAL CLASSIFICATION NUMBER
Classification number 303.48/2 22
100 1# - MAIN ENTRY--AUTHOR NAME
Personal name Shaules, Joseph.
245 12 - TITLE STATEMENT
Title A beginner's guide to the deep culture experience
260 ## - PUBLICATION, DISTRIBUTION, ETC. (IMPRINT)
Place of publication Boston :
Name of publisher Intercultural Press,
Year of publication 2010.
300 ## - PHYSICAL DESCRIPTION
Number of Pages x, 186 p. :
Other physical details ill.
650 #0 - SUBJECT ADDED ENTRY--TOPICAL TERM
Topical Term Intercultural communication.
Topical Term Multicultural education.
Topical Term Language and languages
856 40 - ELECTRONIC LOCATION AND ACCESS
Uniform Resource Identifier http://site.ebrary.com/lib/rucke/Doc?id=10430708

No items available.

© 2026 Rongo University
Contact us: librarian | system librarian | Rongo university